[Event "Linares"]
[Site "Linares"]
[Date "1991.??.??"]
[Round "3"]
[White "Anand, Viswanathan"]
[Black "Beliavsky, Alexander G"]
[Result "0-1"]
[WhiteElo "2635"]
[BlackElo "2640"]

1.e4 e5 2.Nf3 Nc6 3.Bc4 Nf6 4.Ng5 Bc5 5.Bxf7+ Ke7 6.Bd5 Qe8 7.d3 d6 8.Bxc6 bxc6
9.Be3 Qg6 10.Nf3 Bxe3 11.fxe3 Qxg2 12.Rg1 Qh3 13.Rxg7+ Kd8 14.Rg3 Qh6 15.Qe2 Ng4
16.h3 Nf6 17.Nbd2 Ba6 18.O-O-O Ke7 19.h4 Rag8 20.Rg5 Qf8 21.Nh2 Qf7 22.b3 h6
23.Rf5 Bc8 24.Rf3 Qh5 25.Rdf1 Rg3 26.d4 Rxf3 27.Nhxf3 Ng4 28.Qd3 Rf8 29.Qc3 Bd7
30.Kb2 exd4 31.exd4 Kd8 32.e5 Rf4 33.Re1 Qf5 34.Kc1 Kc8 35.a4 d5 36.Kb2 Be8
37.Re2 Qf8 38.a5 Kb7 39.a6+ Kxa6 40.e6 Kb7 41.Re1 Qd6 42.b4 Nf2 43.Nb3 Ne4
44.Nc5+ Qxc5  0-1

[Event "Linares"]
[Site "Linares"]
[Date "1991.??.??"]
[Round "4"]
[White "Beliavsky, Alexander G"]
[Black "Ljubojevic, Ljubomir"]
[Result "0-1"]
[WhiteElo "2640"]
[BlackElo "2590"]

1.d4 Nf6 2.c4 e6 3.g3 Bb4+ 4.Bd2 a5 5.Bg2 d5 6.Nf3 Nc6 7.Qc2 dxc4 8.Qxc4 Qd5
9.Qd3 Qe4 10.Qxe4 Nxe4 11.Bxb4 Nxb4 12.O-O f6 13.Rc1 c6 14.Nc3 Nd6 15.e4 Ke7
16.a3 Na6 17.e5 Nf7 18.exf6+ gxf6 19.Re1 Nc7 20.Nh4 Kf8 21.Ne2 Nd6 22.Nf4 Bd7
23.Bh3 Kf7 24.Rac1 Rhe8 25.Bg4 Re7 26.Bh5+ Kf8 27.Bg4 Kf7 28.Re2 Rd8 29.Rce1 Rg8
30.h3 Rg5 31.Nf3 Rb5 32.d5 cxd5 33.Nd4 e5 34.Nxb5 Ndxb5 35.Bh5+ Kf8 36.Nd3 Nd4
37.Rd2 Bxh3 38.f4 Nb3 39.Rc2 e4  0-1

[Event "Linares"]
[Site "Linares"]
[Date "1991.??.??"]
[Round "5"]
[White "Jussupow, Artur"]
[Black "Beliavsky, Alexander G"]
[Result "0-1"]
[WhiteElo "2605"]
[BlackElo "2640"]

1.d4 Nf6 2.Nf3 d5 3.c4 e6 4.Nc3 Be7 5.Bg5 h6 6.Bh4 O-O 7.Rc1 dxc4 8.e3 c5
9.Bxc4 cxd4 10.exd4 Bd7 11.O-O Bc6 12.Ne5 Nfd7 13.Bxe7 Qxe7 14.Nxc6 Nxc6
15.d5 Nb6 16.dxc6 Nxc4 17.Ne4 Nb6 18.Qd6 Qxd6 19.Nxd6 bxc6 20.Rxc6 Rfd8 21.g3 Nd5
22.Rfc1 Ne7 23.Rc7 Kf8 24.Nb5 a6 25.Nc3 Rd2 26.Na4 g5 27.Rb7 Nf5 28.Nc5 Rad8
29.Nxa6 Re2 30.Nc5 Rdd2 31.Nb3 Rxb2 32.Nc5 Rxa2 33.Rd1 g4 34.Nd3 Nd4 35.h3 gxh3
36.Rf1 Nf3+ 37.Kh1 e5  0-1

[Event "Linares"]
[Site "Linares"]
[Date "1991.??.??"]
[Round "6"]
[White "Karpov, Anatoly"]
[Black "Gelfand, Boris"]
[Result "1-0"]
[WhiteElo "2725"]
[BlackElo "2700"]

1.d4 Nf6 2.c4 g6 3.Nf3 Bg7 4.g3 O-O 5.Bg2 c6 6.Nc3 d5 7.cxd5 cxd5 8.Ne5 Bf5
9.O-O Ne4 10.Be3 Nxc3 11.bxc3 Nc6 12.Qb3 e6 13.Nxc6 bxc6 14.Qa3 Re8 15.Bf4 e5
16.Bxe5 Bxe5 17.dxe5 Rxe5 18.e3 Be4 19.Rfd1 Qf6 20.Rd4 h5 21.h3 Rb8 22.Rad1 Bxg2
23.Kxg2 Qe7 24.Qxe7 Rxe7 25.R1d2 Rb6 26.c4 dxc4 27.Rxc4 Kg7 28.Rdc2 Rc7 29.g4 hxg4
30.hxg4 Kf6 31.Kg3 Ke6 32.a4 Kd7 33.g5 Ra6 34.Rd4+ Ke8 35.Rc5 Rb6 36.Kf4 Rd7
37.Rxd7 Kxd7 38.Ke5 Ke7 39.f4 Rb4 40.Ra5 Rb7 41.e4 Rc7 42.Rc5 Rc8 43.Rc3 Re8
44.Rc4 Rc8 45.Rb4 Rc7 46.a5 Kd7 47.Rb3 Ke7 48.a6 Kd7 49.Kf6 Kc8 50.Rh3 Rd7
51.f5 gxf5 52.exf5 c5 53.Rc3 Rc7 54.g6 fxg6 55.fxg6 Kd7 56.g7 Rc8 57.Rg3  1-0

[Event "Linares"]
[Site "Linares"]
[Date "1991.??.??"]
[Round "7"]
[White "Ljubojevic, Ljubomir"]
[Black "Gurevich, Mikhail"]
[Result "0-1"]
[WhiteElo "2590"]
[BlackElo "2650"]

1.e4 e6 2.d4 d5 3.Nd2 Nf6 4.e5 Nfd7 5.f4 c5 6.c3 Nc6 7.Ndf3 Qb6 8.h4 cxd4
9.cxd4 Bb4+ 10.Kf2 f6 11.Kg3 O-O 12.Bd3 Nxd4 13.Nxd4 fxe5 14.fxe5 Nxe5 15.Bc2 Ng6
16.Bxg6 hxg6 17.Nde2 Qf2+ 18.Kh3 Bd6 19.Qb3 e5+ 20.Kh2 Qxh4+ 21.Nh3 Bxh3  0-1

[Event "Linares"]
[Site "Linares"]
[Date "1991.??.??"]
[Round "8"]
[White "Ehlvest, Jaan"]
[Black "Gelfand, Boris"]
[Result "1-0"]
[WhiteElo "2650"]
[BlackElo "2700"]

1.e4 c5 2.Nf3 d6 3.d4 cxd4 4.Nxd4 Nf6 5.Nc3 a6 6.Bg5 e6 7.f4 Nbd7 8.Qf3 Qc7
9.O-O-O b5 10.Bd3 Bb7 11.Rhe1 Qb6 12.Nb3 b4 13.Nb1 Be7 14.N1d2 Qc7 15.Kb1 h6
16.Qh3 Rg8 17.Bxf6 Nxf6 18.f5 e5 19.Nc4 a5 20.Nbd2 a4 21.Qe3 Nd7 22.Qe2 Nc5
23.g3 O-O-O 24.Ne3 Bg5 25.Bc4 Bxe3 26.Qxe3 Rge8 27.a3 bxa3 28.Qxa3 Bc6 29.Qb4 f6
30.Ba2 Qb7 31.Qa3 Qc7 32.Re3 Kb7 33.Rc3 Rd7 34.Bd5 Bxd5 35.exd5 Rc8 36.Re1 Qb6
37.Rc4 Qa6 38.Re3 Ka7 39.Rec3 Rb7 40.Kc1 Rcb8 41.Ne4 Rb4 42.Rxb4 Qf1+ 43.Kd2 Qg2+
44.Ke1  1-0

[Event "Linares"]
[Site "Linares"]
[Date "1991.??.??"]
[Round "8"]
[White "Gurevich, Mikhail"]
[Black "Salov, Valery"]
[Result "1/2-1/2"]
[WhiteElo "2650"]
[BlackElo "2645"]

1.c4 Nf6 2.Nc3 e5 3.Nf3 Nc6 4.g3 Bb4 5.Bg2 O-O 6.O-O Bxc3 7.bxc3 Re8 8.d3 e4
9.Nd4 exd3 10.exd3 h6 11.Be3 Ne5 12.Re1 d6 13.h3 c5 14.Nf3 Ng6 15.d4 Qc7
16.Nd2 Bd7 17.Rb1 Bc6 18.Bxc6 Qxc6 19.Qf3 Qxf3 20.Nxf3 b6 21.Nd2 Rac8 22.a4 Ne4
23.Nxe4 Rxe4 24.a5 bxa5 25.Rb5 cxd4 26.cxd4 Rxc4 27.Rxa5 Rcxd4 28.Rxa7 Rd5
29.Rc1 Re7 30.Rc8+ Kh7 31.Rxe7 Nxe7 32.Rc7 Re5 33.Rd7 Nf5 34.Bf4 Re1+ 35.Kg2 g5
36.Bxd6 Rd1 37.Rxf7+ Kg6 38.Rxf5 Kxf5 39.g4+ Kg6  1/2-1/2

[Event "Linares"]
[Site "Linares"]
[Date "1991.??.??"]
[Round "9"]
[White "Salov, Valery"]
[Black "Kamsky, Gata"]
[Result "1-0"]
[WhiteElo "2645"]
[BlackElo "2640"]

1.d4 e6 2.c4 Bb4+ 3.Nd2 f5 4.g3 Nf6 5.Bg2 O-O 6.Nf3 d6 7.O-O Bxd2 8.Bxd2 Qe7
9.Qc2 e5 10.dxe5 dxe5 11.b4 c5 12.bxc5 Nc6 13.Qb2 Ne4 14.Rad1 Nxd2 15.Nxd2 e4
16.Nb3 f4 17.Qc2 f3 18.exf3 exf3 19.Rfe1 Qf7 20.Bf1 Bg4 21.Qe4 Bh5 22.Qd5 Rae8
23.Rxe8 Rxe8 24.h3 Bg6 25.g4 h5 26.Qxf7+ Bxf7 27.gxh5 Bxh5 28.Kh2 a5 29.Kg3 a4
30.Nc1 Re4 31.Bd3 Rd4 32.Re1 Nb4 33.Be4 Bf7 34.a3 Nc6 35.Nd3 Rxc4 36.Bxc6 bxc6
37.Rc1 Re4 38.Kxf3 Re6 39.Rc3 Rh6 40.Kg3 Rg6+ 41.Kh2 Rf6 42.Kg3 Rg6+ 43.Kh2 Rf6
44.f4 g5 45.Kg3 gxf4+ 46.Nxf4 Rf5 47.h4 Kg7 48.Nd3 Rf6 49.Nf4 Rf5 50.Nd3 Rf6
51.Nb4 Rg6+ 52.Kf4 Rh6 53.Ke5 Be8 54.Rc4 Bf7 55.Rf4 Bb3 56.Kd4 Rg6 57.Ke5 Rh6
58.Kd4 Rg6 59.Nd3 Rg1 60.Ne5 Rd1+ 61.Kc3 Rc1+ 62.Kb4 Bd5 63.Rd4 Rb1+ 64.Kxa4 Kf6
65.Nd3 Rb8 66.Ka5 Ra8+ 67.Kb4 Rb8+ 68.Ka5 Ra8+ 69.Kb6 Rxa3 70.Nb4 Rb3 71.Kc7 Ke5
72.Rg4 Be4 73.Nxc6+ Kf5 74.Rg5+ Kf6 75.Ne5 Rc3 76.Kd6 Rc2 77.Nd7+ Kf7 78.Ne5+ Kf6
79.Ng4+ Kf7 80.Nh6+ Kf6 81.Ng4+ Kf7 82.Ne3 Rh2 83.h5 Bb7 84.c6 Bc8 85.Ng4 Rd2+
86.Kc7 Ba6 87.h6 Rd1 88.Rh5 Kg6 89.h7 Kxh5 90.Ne5  1-0

[Event "Linares"]
[Site "Linares"]
[Date "1991.??.??"]
[Round "10"]
[White "Jussupow, Artur"]
[Black "Ivanchuk, Vassily"]
[Result "1/2-1/2"]
[WhiteElo "2605"]
[BlackElo "2695"]

1.d4 e6 2.c4 Nf6 3.Nf3 b6 4.e3 Bb7 5.Bd3 Bb4+ 6.Nbd2 O-O 7.O-O d5 8.a3 Be7
9.b4 Nbd7 10.Bb2 c6 11.Bc3 c5 12.bxc5 bxc5 13.Rb1 Rb8 14.Qc2 h6 15.cxd5 Nxd5
16.Ba1 N5b6 17.Bh7+ Kh8 18.Be4 cxd4 19.Bxd4 Bf6 20.Rfc1 Rc8 21.Qb3 Rxc1+
22.Rxc1 Qa8 23.Bxb7 Qxb7 24.Bxf6 Nxf6 25.Ne5 Kg8 26.h3 Rc8 27.Rxc8+ Qxc8
28.Ndc4 Nfd7 29.g3 Qc7 30.Nxd7 Qxc4 31.Qxc4 Nxc4 32.a4 Nb2 33.a5 Nc4 34.a6 f5
35.Kf1 Kf7 36.Ke2 Ke7 37.Nc5 Kd6 38.Nb7+ Kd5 39.f3 e5 40.g4 g6 41.Nd8 Nd6
42.gxf5 gxf5 43.h4 Kc5 44.e4 fxe4 45.fxe4 Kb6 46.Kd3 Kb5 47.h5 Kb6 48.Ne6 Kxa6
49.Nc5+ Kb5 50.Nd7 Nf7 51.Kc3 Kc6 52.Nf6 Kc5 53.Nd7+ Kb5 54.Nf6 a6 55.Nd7 Kc6
56.Nf6 Kc5 57.Nd7+ Kb5 58.Nf6 Ng5 59.Ng4 Nxe4+ 60.Kc2 Ng3 61.Nxh6 e4 62.Nf7 Nxh5
63.Nd6+  1/2-1/2

[Event "Linares"]
[Site "Linares"]
[Date "1991.??.??"]
[Round "12"]
[White "Gurevich, Mikhail"]
[Black "Karpov, Anatoly"]
[Result "1/2-1/2"]
[WhiteElo "2650"]
[BlackElo "2725"]

1.d4 Nf6 2.c4 e6 3.Nc3 Bb4 4.Qc2 O-O 5.a3 Bxc3+ 6.Qxc3 b6 7.Bg5 Bb7 8.f3 h6
9.Bh4 d5 10.e3 Nbd7 11.cxd5 Nxd5 12.Bxd8 Nxc3 13.Bh4 Nd5 14.Bf2 f5 15.Bc4 Rac8
16.Ne2 c5 17.Bb5 Rf7 18.O-O a6 19.Bd3 b5 20.Rac1 c4 21.Bc2 e5 22.dxe5 Nxe5
23.Rfd1 Re8 24.Nc3 Nxc3 25.bxc3 g5 26.Rd6 g4 27.fxg4 Nxg4 28.Rg6+ Kf8 29.Bg3 Rxe3
30.Rd1 Rf6 31.Rxf6+ Nxf6 32.Bxf5 Be4 33.Rd6 Ne8 34.Bxe4 Rxg3 35.Rxh6 Rxc3
36.Rxa6 Ke7 37.h4 Nf6 38.Bf5 Rb3 39.Re6+ Kf7 40.Rb6 Ke7 41.Re6+ Kf7 42.Re5 Kf8
43.Kh2 c3 44.Kg1 Rxa3 45.Rxb5 Ng4 46.Bxg4 Ra1+ 47.Kh2 c2  1/2-1/2

[Event "Linares"]
[Site "Linares"]
[Date "1991.??.??"]
[Round "12"]
[White "Ivanchuk, Vassily"]
[Black "Gelfand, Boris"]
[Result "1-0"]
[WhiteElo "2695"]
[BlackElo "2700"]

1.d4 Nf6 2.c4 g6 3.Nf3 Bg7 4.g3 O-O 5.Bg2 d5 6.O-O dxc4 7.Na3 c3 8.bxc3 c5
9.e3 Nc6 10.Qe2 Qa5 11.Bb2 Nd5 12.Rac1 b6 13.Nd2 e6 14.Nb3 Qa6 15.c4 Ndb4
16.Nb5 Qa4 17.Nc3 Qa6 18.a3  1-0

[Event "Linares"]
[Site "Linares"]
[Date "1991.??.??"]
[Round "12"]
[White "Ehlvest, Jaan"]
[Black "Salov, Valery"]
[Result "1/2-1/2"]
[WhiteElo "2650"]
[BlackElo "2645"]

1.e4 c5 2.Nf3 Nc6 3.d4 cxd4 4.Nxd4 Nf6 5.Nc3 d6 6.Bg5 e6 7.Qd2 Be7 8.O-O-O O-O
9.f4 Nxd4 10.Qxd4 Qa5 11.Bc4 Bd7 12.e5 dxe5 13.fxe5 Bc6 14.Bd2 Nd7 15.Nd5 Qd8
16.Nxe7+ Qxe7 17.Rhe1 Rfd8 18.Bf1 Nf8 19.Qe3 Qh4 20.h3 Ng6 21.c4 h6 22.g3 Qh5
23.Bc3 Rxd1+ 24.Rxd1 a6 25.h4 Qg4 26.Be2 Qh3 27.Qf2 Rc8 28.h5 Nf8 29.g4 Nh7
30.Rd3 Qh1+ 31.Rd1 Qh3 32.Rd3 Qh1+ 33.Rd1 Qh3 34.Rd3  1/2-1/2

[Event "Linares"]
[Site "Linares"]
[Date "1991.??.??"]
[Round "13"]
[White "Salov, Valery"]
[Black "Anand, Viswanathan"]
[Result "1-0"]
[WhiteElo "2645"]
[BlackElo "2635"]

1.Nf3 Nf6 2.c4 e6 3.d4 b6 4.g3 Bb7 5.Bg2 Be7 6.O-O O-O 7.Nc3 Ne4 8.Qc2 Nxc3
9.Qxc3 c5 10.Rd1 d6 11.Qc2 Nc6 12.d5 Nb4 13.Qd2 exd5 14.cxd5 Bf6 15.a3 Na6
16.Rb1 Nc7 17.e4 Re8 18.Qc2 Qe7 19.Re1 Nb5 20.Bd2 Bc8 21.Qd3 Bd7 22.Bf1 Rac8
23.Qb3 Nd4 24.Nxd4 Bxd4 25.Bc3 Qf6 26.Bxd4 Qxd4 27.Rbd1 Ba4 28.Rxd4 Bxb3
29.Rd2 c4 30.f4 Rc5 31.Kf2 Kf8 32.Bh3 f6 33.Be6 Ke7 34.Ke3 Ba4 35.Rc1 Bd7
36.f5 Rb8 37.Kd4 b5 38.g4 Be8 39.h4 Rc7 40.g5 Bh5 41.Rc3 Rbb7 42.Rg2 a5 43.Bg8 h6
44.gxh6 gxh6 45.Be6 Be8 46.Rg8 h5 47.Rh8 Kd8 48.Rg3 Rh7 49.Rxh7 Rxh7 50.Rg8 Rc7
51.Kc3  1-0

[Event "Linares"]
[Site "Linares"]
[Date "1991.??.??"]
[Round "13"]
[White "Timman, Jan H"]
[Black "Ivanchuk, Vassily"]
[Result "1/2-1/2"]
[WhiteElo "2630"]
[BlackElo "2695"]

1.e4 e5 2.Nf3 Nc6 3.Bb5 a6 4.Ba4 Nf6 5.O-O Be7 6.Re1 b5 7.Bb3 O-O 8.c3 d5
9.exd5 Nxd5 10.Nxe5 Nxe5 11.Rxe5 c6 12.d4 Bd6 13.Re1 Qh4 14.g3 Qh3 15.Re4 g5
16.Qf3 Bf5 17.Bxd5 cxd5 18.Re3 Be4 19.Rxe4 dxe4 20.Qf6 Qg4 21.Nd2 Rae8 22.Nf1 Be7
23.Qxa6 f5 24.Qxb5 f4  1/2-1/2